| 000 | 00719nam a2200241 a 4500 | ||
|---|---|---|---|
| 001 | BRL_679 | ||
| 005 | 20190320210842.0 | ||
| 008 | 230913s1957----mx-a######---#000-0#spa-# | ||
| 041 | _aspa | ||
| 044 | _amx | ||
| 050 | 4 |
_aND50 _bT54 6 1900 |
|
| 100 | 1 |
_aGore, Frederick _924632 |
|
| 245 | 1 | 0 |
_aArte abstracto _cFrederick Gore ; traducción de Matilde Z. Horne. |
| 260 |
_aMéxico _bHermes _c1957. |
||
| 300 |
_a19 p. _bil.algunas a color. _c19 cm. |
||
| 440 | 0 |
_aTiempo y color _pPrimera serie: Tendencias de la pintura moderna _v6 _924633 |
|
| 500 | _aAu728. | ||
| 650 | 1 | 4 |
_aPintura _xHistoria _924634 |
| 650 | 1 | 4 |
_aArte abstracto _918579 |
| 700 | 1 |
_aHorne, Matilde Z. _etr. _924635 |
|
| 902 | _aGRL | ||
| 942 |
_2lcc _cB |
||
| 999 |
_c9491 _d9491 |
||